000 00347nam a2200133Ia 4500
008 231129s9999||||xx |||||||||||||| ||spa||
020 _a84-8280-774-9
040 _bspa
082 _aU813 C982K
100 _aCurwood James Oliver
245 0 _aKazan perro lobo
264 _aOveja Negra
942 _2ddc
_cBKS
999 _c16331
_d16331